<?xml version="1.0" encoding="UTF-8"?>
<record
    xmlns:xsi="http://www.w3.org/2001/XMLSchema-instance"
    xsi:schemaLocation="http://www.loc.gov/MARC21/slim http://www.loc.gov/standards/marcxml/schema/MARC21slim.xsd"
    xmlns="http://www.loc.gov/MARC21/slim">

  <leader>03003nam a2200289 a 4500</leader>
  <controlfield tag="001">000026503</controlfield>
  <controlfield tag="005">20250120091142.0</controlfield>
  <controlfield tag="008">110322s2001    dr a          000 0 spa d</controlfield>
  <datafield tag="040" ind1=" " ind2=" ">
    <subfield code="a">DO-SdBNP</subfield>
    <subfield code="b">spa</subfield>
    <subfield code="c">BNPHU</subfield>
  </datafield>
  <datafield tag="082" ind1=" " ind2=" ">
    <subfield code="a">304.8</subfield>
    <subfield code="b">B142v</subfield>
  </datafield>
  <datafield tag="100" ind1="1" ind2=" ">
    <subfield code="a">B&#xE1;ez Evertsz, Franc ,</subfield>
    <subfield code="d"> 1948-2016</subfield>
    <subfield code="9">55030</subfield>
  </datafield>
  <datafield tag="245" ind1="1" ind2="0">
    <subfield code="a">Vecinos y extra&#xF1;os :</subfield>
    <subfield code="b">migrantes y relaciones inter-&#xE9;tnicas en un barrio popular /</subfield>
    <subfield code="c">Franc B&#xE1;ez Evertsz.</subfield>
  </datafield>
  <datafield tag="260" ind1=" " ind2=" ">
    <subfield code="a">Santo Domingo :</subfield>
    <subfield code="b">Servicio Jesuita a Refugiados,</subfield>
    <subfield code="c">2001.</subfield>
  </datafield>
  <datafield tag="300" ind1=" " ind2=" ">
    <subfield code="a">176 p. :</subfield>
    <subfield code="b">il. ;</subfield>
    <subfield code="c">21 cm.</subfield>
  </datafield>
  <datafield tag="490" ind1="1" ind2=" ">
    <subfield code="a">Relaciones Dominico-Haitianas</subfield>
    <subfield code="v">2</subfield>
  </datafield>
  <datafield tag="500" ind1=" " ind2=" ">
    <subfield code="a">Incluye referencias bibliogr&#xE1;ficas y notas al pie de las p&#xE1;ginas</subfield>
  </datafield>
  <datafield tag="500" ind1=" " ind2=" ">
    <subfield code="a">Incluye &#xED;ndice de cuadro y gr&#xE1;ficos</subfield>
  </datafield>
  <datafield tag="504" ind1=" " ind2=" ">
    <subfield code="a">Bibliograf&#xED;a : p. 169-176</subfield>
  </datafield>
  <datafield tag="505" ind1="0" ind2=" ">
    <subfield code="t">Presentaci&#xF3;n --</subfield>
    <subfield code="t">Introducci&#xF3;n --</subfield>
    <subfield code="t">Metodolog&#xED;a --</subfield>
    <subfield code="t">El barrio y el trabajo de campo: fuentes y t&#xE9;cnicas --</subfield>
    <subfield code="t">Cuestionarios --</subfield>
    <subfield code="t">Caracter&#xED;sticas sociodemogr&#xE1;ficas de los hogares --</subfield>
    <subfield code="t">Tama&#xF1;o y tipos de hogares --</subfield>
    <subfield code="t">Poblaci&#xF3;n y composici&#xF3;n de los hogares --</subfield>
    <subfield code="t">Niveles educativos --</subfield>
    <subfield code="t">Perfiles del procesos migratorios --</subfield>
    <subfield code="t">Pa&#xED;s de nacimiento y or&#xED;genes regionales --</subfield>
    <subfield code="t">Migraci&#xF3;n a la ciudad de Santo domingo y al barrio --</subfield>
    <subfield code="t">Tipos de migrantes y tiempos de radicaci&#xF3;n en el barrio --</subfield>
    <subfield code="t">Antig&#xFC;edad de radicaci&#xF3;n, forma de traslados y procedencia regional --</subfield>
    <subfield code="t">Forma de traslados, desplazamientos Interbarriales y asentamiento en el barrio --</subfield>
    <subfield code="t">Documentaci&#xF3;n de identificaci&#xF3;n personal --</subfield>
    <subfield code="t">Documentaci&#xF3;n y jefes de hogares --</subfield>
    <subfield code="t">Documentaci&#xF3;n y poblaci&#xF3;n de los hogares --</subfield>
    <subfield code="t">Sobre los tipos de documentos --</subfield>
    <subfield code="t">Trabajo y condiciones de vida --</subfield>
    <subfield code="t">La incorporaci&#xF3;n al trabajo --</subfield>
    <subfield code="t">Informalidad y econom&#xED;a subterr&#xE1;nea --</subfield>
    <subfield code="t">Vivienda y servicios b&#xE1;sicos --</subfield>
    <subfield code="t">Nivel de ingresos, indigencia y pobreza --</subfield>
    <subfield code="t">Dimensiones de la discriminaci&#xF3;n y el prejuicio --</subfield>
    <subfield code="t">Representaciones de la discriminaci&#xF3;n: percepciones y reportes de los colectivos --</subfield>
    <subfield code="t">Im&#xE1;genes del otro en la relaci&#xF3;n de vecindad --</subfield>
    <subfield code="t">Valoraciones sobre el haitiano generalizado --</subfield>
    <subfield code="t">Actitudes de los dominicanos respecto a los haitianos --</subfield>
    <subfield code="t">Relaciones inter&#xE9;tnicas en los espacio popular urbano --</subfield>
    <subfield code="t">Aspectos del contexto del barrio y los colectivos --</subfield>
    <subfield code="t">Representaciones colectivas de las relaciones inter-&#xE9;tnicas --</subfield>
    <subfield code="t">Relaciones de vecindad y fuentes de conflictos --</subfield>
    <subfield code="t">Interacci&#xF3;n social y praxis cotidiana de vecindad --</subfield>
    <subfield code="t">Distancia social, actitudes y relaciones inter-&#xE9;tnicas --</subfield>
    <subfield code="t">Aproximaci&#xF3;n y distancia social entre colectivos --</subfield>
    <subfield code="t">Actitudes y relaciones inter-&#xE9;tnicas --</subfield>
    <subfield code="t">Identidad nacional y relaciones inter-&#xE9;tnicas --</subfield>
    <subfield code="t">Identidades nacionales --</subfield>
    <subfield code="t">Identidad y relaciones inter-&#xE9;tnicas.</subfield>
  </datafield>
  <datafield tag="590" ind1=" " ind2=" ">
    <subfield code="a">Inventariado, 2018/VM</subfield>
  </datafield>
  <datafield tag="650" ind1=" " ind2="4">
    <subfield code="a">Haitianos en la rep&#xFA;blica dominicana</subfield>
    <subfield code="9">35154</subfield>
  </datafield>
  <datafield tag="650" ind1=" " ind2="4">
    <subfield code="a">Relaciones etnicas-rep&#xFA;blica dominicana</subfield>
    <subfield code="9">53576</subfield>
  </datafield>
  <datafield tag="651" ind1=" " ind2="4">
    <subfield code="a">Rep&#xFA;blica Dominicana</subfield>
    <subfield code="x">Emigraci&#xF3;n E Inmigraci&#xF3;n</subfield>
    <subfield code="9">290</subfield>
  </datafield>
  <datafield tag="651" ind1=" " ind2="4">
    <subfield code="a">Haiti</subfield>
    <subfield code="x">Emigraci&#xF3;n E Inmigraci&#xF3;n</subfield>
    <subfield code="9">1425</subfield>
  </datafield>
  <datafield tag="830" ind1=" " ind2="0">
    <subfield code="a">Relaciones Dominico-Haitianas</subfield>
    <subfield code="n">2</subfield>
    <subfield code="9">53577</subfield>
  </datafield>
  <datafield tag="910" ind1=" " ind2=" ">
    <subfield code="a">Validado. Control de calidad MFF</subfield>
  </datafield>
  <datafield tag="952" ind1=" " ind2=" ">
    <subfield code="0">0</subfield>
    <subfield code="1">0</subfield>
    <subfield code="7">1</subfield>
    <subfield code="8">PD</subfield>
    <subfield code="a">PD</subfield>
    <subfield code="b">PD</subfield>
    <subfield code="c">HD</subfield>
    <subfield code="d">2011-03-22</subfield>
    <subfield code="i">LF1</subfield>
    <subfield code="l">0</subfield>
    <subfield code="o">304.8 B142v</subfield>
    <subfield code="p">26503-10</subfield>
    <subfield code="r">2020-06-25</subfield>
    <subfield code="w">2020-06-25</subfield>
    <subfield code="y">LFPD</subfield>
    <subfield code="Z">No se presta</subfield>
  </datafield>
  <datafield tag="999" ind1=" " ind2=" ">
    <subfield code="c">25995</subfield>
    <subfield code="d">25995</subfield>
  </datafield>
</record>
